[Event "Mittelrhein Verbandsliga-O 16/17"]
[Site "Nordrheinwestfalen"]
[Date "2017.01.29"]
[Round "7"]
[White "Lobbes, Frank"]
[Black "Schwab, Wolfgang"]
[Result "1/2-1/2"]
[WhiteElo "1730"]
[BlackElo "1641"]
[PlyCount "119"]
[EventDate "2016.09.11"]
[EventType "team-tourn"]
[EventRounds "11"]
[EventCountry "GER"]
[SourceTitle "EXT 2022"]
[Source "ChessBase"]
[SourceDate "2021.10.06"]
[SourceVersion "1"]
[SourceVersionDate "2021.10.06"]
[SourceQuality "1"]
[WhiteTeam "Bergische SF II"]
[BlackTeam "St Augustin Turm"]
[WhiteTeamCountry "GER"]
[BlackTeamCountry "GER"]

1. e4 c5 2. Nf3 e6 3. d3 d6 4. g3 b6 5. Bg2 Bb7 6. 0-0 Nd7 7. b3 Ngf6 8. Bb2 Qc7 9. Nc3 a6 10. a4 Be7 11. Qd2 h6 12. Ne2 Rc8 13. c4 d5 14. exd5 exd5 15. Rfe1 0-0 16. Ned4 Rfe8 17. Nf5 Bf8 18. Rxe8 Rxe8 19. Re1 d4 20. Rxe8 Nxe8 21. Qe2 Nef6 22. Bc1 Qc8 23. Bf4 Kh7 24. Bd6 Ng8 25. Bxf8 Nxf8 26. Nd6 Bxf3 27. Qxf3 Qe6 28. Qe4+ g6 29. Qxe6 Nxe6 30. Nxf7 Nc7 31. Ne5 Nf6 32. Bc6 Kg7 33. Kg2 g5 34. Kf3 a5 35. Nd7 Nxd7 36. Bxd7 h5 37. Ke4 Kf6 38. f4 gxf4 39. Kxf4 Na6 40. g4 hxg4 41. Bxg4 Nb4 42. Ke4 Kg5 43. Be2 Kf6 44. h4 Ke6 45. h5 Nc6 46. h6 Ne7 47. Bh5 Kf6 48. Be8 Ng6 49. Bxg6 Kxg6 50. Kd5 Kxh6 51. Kc6 Kg5 52. Kxb6 Kf4 53. Kxa5 Ke3 54. Kb5 Kxd3 55. a5 Kc3 56. a6 d3 57. a7 d2 58. a8Q d1Q 59. Qa5+ Kb2 60. Kxc5 1/2-1/2

[Event "Mittelrhein Verbandsliga-O 16/17"]
[Site "Nordrheinwestfalen"]
[Date "2016.11.27"]
[Round "4"]
[White "Sejdini, Valentin"]
[Black "Lobbes, Frank"]
[Result "1/2-1/2"]
[WhiteElo "1768"]
[BlackElo "1730"]
[PlyCount "66"]
[EventDate "2016.09.11"]
[EventType "team-tourn"]
[EventRounds "11"]
[EventCountry "GER"]
[SourceTitle "EXT 2022"]
[Source "ChessBase"]
[SourceDate "2021.10.06"]
[SourceVersion "1"]
[SourceVersionDate "2021.10.06"]
[SourceQuality "1"]
[WhiteTeam "Troisdorf"]
[BlackTeam "Bergische SF II"]
[WhiteTeamCountry "GER"]
[BlackTeamCountry "GER"]

1. f4 d5 2. b3 Nf6 3. Bb2 c5 4. e3 e6 5. Nf3 Nc6 6. Bb5 Bd7 7. 0-0 Be7 8. d3 0-0 9. Nbd2 Ng4 10. Re1 f5 11. Bxc6 Bxc6 12. h3 Nh6 13. Ne5 Be8 14. Ndf3 Bh5 15. Qd2 Bxf3 16. Nxf3 Nf7 17. Rad1 Rc8 18. c4 b6 19. Qe2 Bf6 20. e4 Bxb2 21. Qxb2 d4 22. exf5 exf5 23. Re6 Qc7 24. Qd2 Nd8 25. Re2 Nc6 26. Rde1 h6 27. Ne5 Rf6 28. Nxc6 Qxc6 29. Re7 Rc7 30. Qe2 Rxe7 31. Qxe7 Rg6 32. Qe8+ Qxe8 33. Rxe8+ Kf7 1/2-1/2

[Event "Bergisch Gladbach-ch"]
[Site "Bergisch Gladbach"]
[Date "2008.08.22"]
[Round "2"]
[White "Lobbes, Frank"]
[Black "Kneutgen, Alexander"]
[Result "0-1"]
[WhiteElo "1775"]
[BlackElo "2032"]
[PlyCount "50"]
[EventDate "2008.08.15"]
[EventType "swiss"]
[EventRounds "7"]
[EventCountry "GER"]
[SourceTitle "EXT 2011"]
[Source "ChessBase"]
[SourceDate "2010.11.26"]
[SourceVersion "1"]
[SourceVersionDate "2010.11.26"]
[SourceQuality "1"]

1. e4 e6 2. d4 d5 3. Nc3 Bb4 4. exd5 exd5 5. Bd3 Ne7 6. Qh5 Nbc6 7. Nge2 g6 8. Qh4 Bf5 9. Qf6 Rg8 10. 0-0 Bxd3 11. cxd3 Nf5 12. Qxd8+ Rxd8 13. Bg5 Be7 14. Bf4 Rd7 15. Rac1 Ncxd4 16. Nxd4 Nxd4 17. Rfe1 Ne6 18. Be5 c6 19. d4 Rd8 20. a3 Kd7 21. Bg3 Bf6 22. Be5 Bg5 23. Rcd1 Rde8 24. b4 f6 25. f4 fxe5 0-1

[Event "Bergisch Gladbach-ch"]
[Site "Bergisch Gladbach"]
[Date "2007.09.14"]
[Round "4"]
[White "Marino, Eric"]
[Black "Lobbes, Frank"]
[Result "1-0"]
[WhiteElo "1618"]
[BlackElo "1780"]
[PlyCount "31"]
[EventDate "2007.08.24"]
[EventType "swiss"]
[EventRounds "7"]
[EventCountry "GER"]
[SourceTitle "EXT 2011"]
[Source "ChessBase"]
[SourceDate "2010.11.26"]
[SourceVersion "1"]
[SourceVersionDate "2010.11.26"]
[SourceQuality "1"]

1. e4 e5 2. d4 exd4 3. Qxd4 Nc6 4. Qe3 Bb4+ 5. Bd2 Qe7 6. Nc3 Bc5 7. Qg3 Bd4 8. 0-0-0 d6 9. Nd5 Qd7 10. Nf3 f6 11. Nxd4 Nxd4 12. Bc3 Ne6 13. Be2 Nh6 14. Bxf6 0-0 15. Be7 Nf4 16. Bc4 1-0

[Event "Bergisch Gladbach-ch"]
[Site "Bergisch Gladbach"]
[Date "2007.08.28"]
[Round "2"]
[White "Raupach, Gregor"]
[Black "Lobbes, Frank"]
[Result "1-0"]
[WhiteElo "1926"]
[BlackElo "1780"]
[PlyCount "93"]
[EventDate "2007.08.24"]
[EventType "swiss"]
[EventRounds "7"]
[EventCountry "GER"]
[SourceTitle "EXT 2011"]
[Source "ChessBase"]
[SourceDate "2010.11.26"]
[SourceVersion "1"]
[SourceVersionDate "2010.11.26"]
[SourceQuality "1"]

1. d4 Nf6 2. c4 e6 3. Nf3 b6 4. Bg5 Be7 5. Nc3 Bb7 6. Ne5 Ne4 7. Bxe7 Qxe7 8. Nxe4 Bxe4 9. Qd2 d6 10. Ng4 Nd7 11. f3 Bg6 12. h4 f5 13. Ne3 Nf6 14. 0-0-0 f4 15. Ng4 Nh5 16. e3 fxe3 17. Nxe3 Ng3 18. Rh3 Nxf1 19. Rxf1 0-0-0 20. h5 Be8 21. d5 Bd7 22. f4 Rde8 23. g4 Rhf8 24. Qg2 Kb8 25. dxe6 Qxe6 26. f5 Qe5 27. Qd5 Qe4 28. Qxe4 Rxe4 29. g5 b5 30. b3 bxc4 31. bxc4 Re5 32. Rhf3 Bc6 33. Rg3 h6 34. Kd2 Be4 35. Rg4 d5 36. cxd5 Bxd5 37. Rb1+ Kc8 38. Rgb4 Rd8 39. Rb8+ Kd7 40. Rxd8+ Kxd8 41. gxh6 gxh6 42. Rb5 c6 43. Rb7 Bf3 44. Rxa7 Bxh5 45. a4 Bf3 46. f6 Re6 47. Ra8+ 1-0

[Event "Bergisch Gladbach-ch"]
[Site "Bergisch Gladbach"]
[Date "2007.08.24"]
[Round "1"]
[White "Lobbes, Frank"]
[Black "Kartmann, Tobias"]
[Result "1-0"]
[WhiteElo "1780"]
[BlackElo "1180"]
[PlyCount "49"]
[EventDate "2007.08.24"]
[EventType "swiss"]
[EventRounds "7"]
[EventCountry "GER"]
[SourceTitle "EXT 2011"]
[Source "ChessBase"]
[SourceDate "2010.11.26"]
[SourceVersion "1"]
[SourceVersionDate "2010.11.26"]
[SourceQuality "1"]

1. e4 e5 2. Nc3 Nc6 3. Nf3 Nf6 4. Bb5 d6 5. d4 Bd7 6. 0-0 Be7 7. a3 exd4 8. Nxd4 Nxd4 9. Bxd7+ Qxd7 10. Qxd4 0-0 11. f3 b6 12. Rd1 d5 13. Nxd5 Nxd5 14. Qxd5 Qxd5 15. exd5 Rad8 16. Be3 Rfe8 17. Kf2 Bf6 18. Rab1 Re5 19. c4 a6 20. Bf4 Re7 21. Re1 Rxe1 22. Rxe1 Bd4+ 23. Kf1 g6 24. Bxc7 Rc8 25. d6 1-0

[Event "Bergisch Gladbach-ch"]
[Site "Bergisch Gladbach"]
[Date "2006.09.08"]
[Round "3"]
[White "Lobbes, Frank"]
[Black "Diener, Michael"]
[Result "1-0"]
[WhiteElo "1789"]
[BlackElo "1520"]
[PlyCount "39"]
[EventDate "2006.08.25"]
[EventType "swiss"]
[EventRounds "7"]
[EventCountry "GER"]
[SourceTitle "EXT 2008"]
[Source "ChessBase"]
[SourceDate "2007.11.25"]
[SourceVersion "1"]
[SourceVersionDate "2007.11.25"]
[SourceQuality "1"]

1. e4 c5 2. Nf3 e6 3. Nc3 a6 4. d4 cxd4 5. Nxd4 Nc6 6. Be3 Be7 7. f4 Nxd4 8. Qxd4 Nf6 9. Be2 b5 10. e5 Ng8 11. Bf3 Rb8 12. Qa7 Bb7 13. Bxb7 Qc7 14. Bf3 Qc8 15. 0-0-0 Bb4 16. Rxd7 Ne7 17. Rc7 Qd8 18. Rd1 Nd5 19. Nxd5 exd5 20. Bxd5 1-0

[Event "Bergisch Gladbach-ch"]
[Site "Bergisch Gladbach"]
[Date "2006.08.25"]
[Round "1"]
[White "Lobbes, Frank"]
[Black "Stieg, Karsten"]
[Result "1-0"]
[WhiteElo "1789"]
[BlackElo "1332"]
[PlyCount "57"]
[EventDate "2006.08.25"]
[EventType "swiss"]
[EventRounds "7"]
[EventCountry "GER"]
[SourceTitle "EXT 2008"]
[Source "ChessBase"]
[SourceDate "2007.11.25"]
[SourceVersion "1"]
[SourceVersionDate "2007.11.25"]
[SourceQuality "1"]

1. d4 Nf6 2. Nc3 d5 3. e4 dxe4 4. f3 exf3 5. Nxf3 Bg4 6. Bc4 e6 7. 0-0 a6 8. d5 Bc5+ 9. Kh1 0-0 10. Bg5 h6 11. Bh4 c6 12. dxe6 Qxd1 13. exf7+ Kh8 14. Raxd1 b5 15. Bb3 Nbd7 16. Rxd7 Nxd7 17. Ne4 g5 18. Be1 Bh5 19. Bc3+ Kh7 20. Be6 Bxf7 21. Bxd7 Be7 22. Bxc6 Rad8 23. h4 gxh4 24. Ba5 Rc8 25. Bd7 Rc4 26. Bf5+ Bg6 27. Bxg6+ Kxg6 28. Ne5+ Kh7 29. Rxf8 1-0

[Event "Bergisch Gladbach-ch"]
[Site "Bergisch Gladbach"]
[Date "2005.09.09"]
[Round "3"]
[White "Lobbes, Frank"]
[Black "Gutt, Detlef"]
[Result "1-0"]
[WhiteElo "1827"]
[BlackElo "1546"]
[PlyCount "81"]
[EventDate "2005.08.26"]
[EventType "swiss"]
[EventRounds "7"]
[EventCountry "GER"]
[SourceTitle "CBM 108 Extra"]
[Source "ChessBase"]
[SourceDate "2005.11.04"]
[SourceVersion "1"]
[SourceVersionDate "2005.11.04"]
[SourceQuality "1"]

1. e4 d6 2. d4 Nf6 3. Nc3 g6 4. Be3 Bg7 5. Qd2 Ng4 6. Bg5 h6 7. Bh4 g5 8. Bg3 e5 9. f3 exd4 10. Nb5 Ne5 11. Nxd4 h5 12. h4 g4 13. 0-0-0 Bh6 14. f4 Qf6 15. Kb1 Ng6 16. Nge2 0-0 17. Nb5 Na6 18. Qd5 Bg7 19. Nbc3 Nc5 20. e5 Qe6 21. exd6 Qxd5 22. Rxd5 cxd6 23. Rxd6 Be6 24. Nd4 Bxd4 25. Rxd4 Rad8 26. Rxd8 Rxd8 27. Be2 Rd4 28. Bf2 Rc4 29. Bxc4 Bxc4 30. Bxc5 Nxf4 31. g3 Nh3 32. Bxa7 f5 33. b3 Ba6 34. Nd5 Kf7 35. Be3 Bb5 36. Re1 Bc6 37. Nf4 Nxf4 38. Bxf4 Kf6 39. Kb2 Be4 40. Rd1 Ke6 41. Rd6+ 1-0

[Event "Bergisch Gladbach-ch 26th"]
[Site "Bergisch Gladbach"]
[Date "2004.09.03"]
[Round "1"]
[White "Fey, Helmut"]
[Black "Lobbes, Frank"]
[Result "0-1"]
[WhiteElo "1375"]
[BlackElo "1820"]
[PlyCount "82"]
[EventDate "2004.09.??"]
[EventType "swiss"]
[EventRounds "7"]
[EventCountry "GER"]
[SourceTitle "EXT 2005"]
[Source "ChessBase"]
[SourceDate "2004.11.15"]
[SourceVersion "1"]
[SourceVersionDate "2004.11.15"]
[SourceQuality "1"]

1. e4 e5 2. Nf3 Nc6 3. Bb5 a6 4. Ba4 d6 5. h3 Be7 6. 0-0 Nf6 7. Re1 0-0 8. c3 h6 9. Bc2 Nb8 10. d4 Nbd7 11. Nbd2 Re8 12. Nf1 Bf8 13. Ng3 g6 14. Bd2 Bg7 15. Qc1 Kh7 16. Nh2 Nb6 17. f4 Nc4 18. f5 Ng8 19. fxg6+ fxg6 20. Be3 Nxe3 21. Qxe3 exd4 22. cxd4 c5 23. Nf3 Qb6 24. e5 cxd4 25. Nxd4 Rxe5 26. Qd3 Rxe1+ 27. Rxe1 Qxd4+ 28. Re3 Qxd3 29. Rxd3 Be5 30. Ne4 Bf5 31. Rd2 Bf4 32. Re2 Rc8 33. Bb3 Kg7 34. g4 Bd7 35. Nc3 Re8 36. Rxe8 Bxe8 37. Nd5 Be5 38. Nc3 Bxc3 39. bxc3 Nf6 40. Be6 b6 41. Bc8 Bb5 0-1

[Event "Bergisch Gladbach-ch 24th"]
[Site "Bergisch Gladbach"]
[Date "2002.10.04"]
[Round "6"]
[White "Bose, Rana"]
[Black "Lobbes, Frank"]
[Result "1-0"]
[WhiteElo "1644"]
[BlackElo "1782"]
[PlyCount "73"]
[EventDate "2002.08.??"]
[EventType "swiss"]
[EventRounds "7"]
[EventCountry "GER"]
[SourceTitle "EXT 2005"]
[Source "ChessBase"]
[SourceDate "2004.11.15"]
[SourceVersion "1"]
[SourceVersionDate "2004.11.15"]
[SourceQuality "1"]

1. Nf3 e6 2. b3 Nf6 3. Bb2 c5 4. e3 Nc6 5. Be2 Be7 6. c4 0-0 7. 0-0 d6 8. d4 Qc7 9. Nc3 a6 10. a3 Re8 11. Qc2 Bf8 12. Rfd1 e5 13. Nd5 Nxd5 14. cxd5 Na7 15. dxe5 dxe5 16. e4 Bd6 17. Rac1 Qe7 18. Ne1 Bd7 19. Nd3 Rac8 20. Qd2 Nb5 21. f4 Nd4 22. fxe5 Bxe5 23. Nxe5 Qxe5 24. Bxd4 cxd4 25. Rxc8 Bxc8 26. Bf3 Qd6 27. Qb4 Qxb4 28. axb4 g5 29. g3 f5 30. Rxd4 fxe4 31. Rxe4 Rf8 32. Bh5 Bf5 33. Re7 Rd8 34. Bf3 Bc2 35. Re3 Rd7 36. Bg4 Rxd5 37. Be6+ 1-0

[Event "Bergisch Gladbach-ch 24th"]
[Site "Bergisch Gladbach"]
[Date "2002.09.27"]
[Round "5"]
[White "Lobbes, Frank"]
[Black "Gutt, Oswald"]
[Result "0-1"]
[WhiteElo "1782"]
[BlackElo "1868"]
[PlyCount "60"]
[EventDate "2002.08.??"]
[EventType "swiss"]
[EventRounds "7"]
[EventCountry "GER"]
[SourceTitle "EXT 2005"]
[Source "ChessBase"]
[SourceDate "2004.11.15"]
[SourceVersion "1"]
[SourceVersionDate "2004.11.15"]
[SourceQuality "1"]

1. d4 Nf6 2. Nf3 g6 3. g3 d5 4. Bg2 Bg7 5. 0-0 0-0 6. c3 b6 7. Nbd2 Bb7 8. Ne5 e6 9. b3 Nfd7 10. Ndf3 f6 11. Ng4 c5 12. Bh3 Qe7 13. Ba3 Nc6 14. dxc5 bxc5 15. Rc1 f5 16. Ne3 Rad8 17. Qc2 Nf6 18. Nd2 Ba6 19. Rfe1 Ne4 20. Nxe4 fxe4 21. Bg2 Bh6 22. Rcd1 Ne5 23. b4 Rxf2 24. Kxf2 Bxe3+ 25. Kxe3 Qg5+ 26. Kf2 Ng4+ 27. Kg1 Qe3+ 28. Kh1 Nf2+ 29. Kg1 Nh3+ 30. Kh1 Qg1+ 0-1

[Event "Bergisch Gladbach-ch op"]
[Site "Bergisch Gladbach"]
[Date "2001.09.28"]
[Round "7"]
[White "Lobbes, Frank"]
[Black "Grothe, Karl Josef"]
[Result "1-0"]
[WhiteElo "1839"]
[BlackElo "1466"]
[PlyCount "77"]
[EventDate "2001.08.17"]
[EventType "swiss"]
[EventRounds "7"]
[EventCountry "GER"]
[SourceTitle "EXT 2006"]
[Source "ChessBase"]
[SourceDate "2005.11.24"]
[SourceVersion "1"]
[SourceVersionDate "2005.11.24"]
[SourceQuality "1"]

1. e4 e5 2. Nf3 Nc6 3. Bb5 Nge7 4. c3 a6 5. Ba4 b5 6. Bb3 h6 7. d4 Ng6 8. dxe5 Ncxe5 9. Nxe5 Nxe5 10. Qd5 c6 11. Qxe5+ Qe7 12. Qxe7+ Bxe7 13. Be3 Bb7 14. Nd2 f6 15. c4 Bb4 16. 0-0 Bxd2 17. Bxd2 c5 18. Rac1 b4 19. Rcd1 Bc6 20. Bf4 0-0-0 21. Bc2 Rhe8 22. Rfe1 a5 23. Bd6 Kb7 24. a3 Kb6 25. f3 Re6 26. e5 Rde8 27. Bf5 Ba4 28. Rd5 Bc6 29. Bxc5+ Kc7 30. Bxe6 Bxd5 31. Bxd5 fxe5 32. f4 d6 33. Bf2 bxa3 34. bxa3 a4 35. fxe5 Rxe5 36. Rxe5 dxe5 37. Bc5 h5 38. Kf2 Kd7 39. Ke3 1-0

[Event "Bergisch Gladbach-ch op"]
[Site "Bergisch Gladbach"]
[Date "2001.09.14"]
[Round "5"]
[White "Lobbes, Frank"]
[Black "Klein, Dieter"]
[Result "1-0"]
[WhiteElo "1839"]
[BlackElo "1707"]
[PlyCount "63"]
[EventDate "2001.08.17"]
[EventType "swiss"]
[EventRounds "7"]
[EventCountry "GER"]
[SourceTitle "EXT 2006"]
[Source "ChessBase"]
[SourceDate "2005.11.24"]
[SourceVersion "1"]
[SourceVersionDate "2005.11.24"]
[SourceQuality "1"]

1. e4 d5 2. exd5 Nf6 3. d4 Bg4 4. Be2 Bxe2 5. Nxe2 Nxd5 6. c4 Nf6 7. Nbc3 e6 8. Qb3 Qc8 9. Bg5 Nbd7 10. Rd1 Be7 11. 0-0 c6 12. Rd3 a6 13. Rc1 e5 14. Bxf6 Bxf6 15. Ne4 0-0 16. Nxf6+ Nxf6 17. dxe5 Ne4 18. c5 Qf5 19. f3 Ng5 20. Qc3 Rfe8 21. f4 Ne6 22. Rf3 Rad8 23. Ng3 Nxf4 24. Qe3 Nxg2 25. Nxf5 Nxe3 26. Rxe3 Rd2 27. Nd6 Re7 28. Nc4 Rd5 29. b4 h6 30. Kf2 g5 31. Rc2 Kg7 32. Rd2 1-0

[Event "Bergisch Gladbach-ch op"]
[Site "Bergisch Gladbach"]
[Date "2001.09.07"]
[Round "4"]
[White "Lobbes, Frank"]
[Black "Bloemer, Guenter"]
[Result "1-0"]
[WhiteElo "1839"]
[BlackElo "1522"]
[PlyCount "97"]
[EventDate "2001.08.17"]
[EventType "swiss"]
[EventRounds "7"]
[EventCountry "GER"]
[SourceTitle "EXT 2006"]
[Source "ChessBase"]
[SourceDate "2005.11.24"]
[SourceVersion "1"]
[SourceVersionDate "2005.11.24"]
[SourceQuality "1"]

1. e4 e6 2. d4 d5 3. Nc3 c5 4. exd5 cxd4 5. Qxd4 Be7 6. Bb5+ Kf8 7. Nf3 Bf6 8. Qd3 Bxc3+ 9. Qxc3 exd5 10. Be3 Nf6 11. 0-0-0 Be6 12. Rhe1 a6 13. Bc5+ Kg8 14. Bd3 Nbd7 15. Bd4 b5 16. Ng5 Rc8 17. Qd2 Rc6 18. Nxe6 fxe6 19. g4 Nxg4 20. Rg1 Ngf6 21. Qg5 Qe7 22. Rde1 Qf7 23. Re3 Kf8 24. Reg3 Nh5 25. Rf3 Ndf6 26. Qd2 Qe7 27. Bc3 Ke8 28. Bb4 Qd7 29. Re1 Kd8 30. Qg5 Kc8 31. Qe5 Re8 32. Rg1 Kb7 33. Bxh7 Rec8 34. Bg6 Rc4 35. a3 Qc6 36. Rc3 Rc7 37. Bxh5 Ne4 38. Rxg7 Rxg7 39. Qxg7+ Kb6 40. Rxc4 Qxc4 41. Qg1 Qa2 42. f3+ Kc6 43. Be8+ Kb7 44. Qg7+ Kb8 45. Qe5+ Kb7 46. fxe4 Qa1+ 47. Kd2 Qf1 48. exd5 Qg2+ 49. Kc1 1-0

[Event "Bergisch Gladbach-ch op"]
[Site "Bergisch Gladbach"]
[Date "2001.08.31"]
[Round "3"]
[White "Gnass, Arno"]
[Black "Lobbes, Frank"]
[Result "1-0"]
[WhiteElo "1699"]
[BlackElo "1839"]
[PlyCount "139"]
[EventDate "2001.08.17"]
[EventType "swiss"]
[EventRounds "7"]
[EventCountry "GER"]
[SourceTitle "EXT 2006"]
[Source "ChessBase"]
[SourceDate "2005.11.24"]
[SourceVersion "1"]
[SourceVersionDate "2005.11.24"]
[SourceQuality "1"]

1. d4 Nf6 2. c4 g6 3. g3 c5 4. Nf3 Bg7 5. Bg2 0-0 6. 0-0 d6 7. Nc3 Nbd7 8. Qc2 Nb6 9. dxc5 dxc5 10. Rd1 Nfd7 11. b3 a6 12. Be3 Qc7 13. Rac1 Ne5 14. Rd2 Bf5 15. Qd1 Ng4 16. Bf4 e5 17. Bg5 f6 18. e4 Be6 19. Be3 Nxe3 20. fxe3 Rad8 21. Nd5 Nxd5 22. cxd5 Bd7 23. Rdc2 b6 24. Rc3 Qd6 25. Nd2 Bh6 26. Nc4 Qb8 27. Qe2 Bb5 28. a4 Bd7 29. Nd2 Rf7 30. Qe1 Rdf8 31. a5 f5 32. axb6 fxe4 33. Nxe4 Qxb6 34. Nxc5 Bb5 35. b4 Rf1+ 36. Bxf1 Rxf1+ 37. Qxf1 Bxf1 38. Kxf1 Qxb4 39. Kf2 e4 40. Ne6 Qb2+ 41. R1c2 Qb6 42. Rc8+ Kf7 43. R8c7+ Kf6 44. Nd4 Ke5 45. Re7+ Kxd5 46. Rd7+ Ke5 47. Rd2 a5 48. Re7+ Kf6 49. Re6+ Qxe6 50. Nxe6 Kxe6 51. Rd8 Bg7 52. Ra8 Bc3 53. Ke2 Kd5 54. Kd1 Kc4 55. Kc2 Bb4 56. Rc8+ Bc5 57. Rc7 a4 58. Rxh7 Bxe3 59. Re7 a3 60. Rxe4+ Bd4 61. Kb1 Kd5 62. Rg4 Bg1 63. h4 Ke5 64. Rxg6 Bf2 65. Ka2 Kf5 66. Rg8 Bc5 67. Rg5+ Ke4 68. Rxc5 Kf3 69. h5 Kxg3 70. h6 1-0

[Event "Bergisch Gladbach-ch 22nd"]
[Site "Bergisch Gladbach"]
[Date "2000.09.22"]
[Round "7"]
[White "Lobbes, Frank"]
[Black "Mertens, Norbert"]
[Result "1/2-1/2"]
[WhiteElo "1809"]
[BlackElo "1683"]
[PlyCount "97"]
[EventDate "2000.08.??"]
[EventType "swiss"]
[EventRounds "7"]
[EventCountry "GER"]
[SourceTitle "EXT 2005"]
[Source "ChessBase"]
[SourceDate "2004.11.15"]
[SourceVersion "1"]
[SourceVersionDate "2004.11.15"]
[SourceQuality "1"]

1. e4 e5 2. Nc3 Nc6 3. Bc4 Nf6 4. d3 Be7 5. Nf3 d6 6. Bd2 0-0 7. h3 Na5 8. 0-0 c6 9. a3 Nxc4 10. dxc4 Be6 11. Qe2 Ne8 12. Rad1 Qc8 13. Bg5 f6 14. Bc1 Rf7 15. b3 Nc7 16. Rd3 Qf8 17. a4 Rd8 18. Ba3 f5 19. Nd2 f4 20. Nf3 Rf6 21. Rfd1 Rg6 22. Kf1 Bc8 23. Nxe5 Re6 24. Nf3 Qe8 25. Nd4 Re5 26. Ke1 d5 27. Bxe7 Qxe7 28. cxd5 Nxd5 29. f3 Nxc3 30. Rxc3 Qb4 31. Rdd3 Rxd4 32. Kf2 Qb6 33. Kf1 Be6 34. Qd2 Rxd3 35. Rxd3 g5 36. Rd8+ Kf7 37. Qd6 Qa5 38. Rf8+ Kg6 39. b4 Qb6 40. Re8 Kh5 41. Rxe6 Rxe6 42. Qxe6 Qxb4 43. Qg4+ Kg6 44. Qf5+ Kh6 45. e5 Qd4 46. Qf6+ Kh5 47. Qd6 Qc4+ 48. Kg1 Qc3 49. e6 1/2-1/2

[Event "Bergisch Gladbach-ch 22nd"]
[Site "Bergisch Gladbach"]
[Date "2000.09.08"]
[Round "5"]
[White "Lobbes, Frank"]
[Black "Raabe, Joachim"]
[Result "0-1"]
[WhiteElo "1809"]
[BlackElo "1902"]
[PlyCount "88"]
[EventDate "2000.08.??"]
[EventType "swiss"]
[EventRounds "7"]
[EventCountry "GER"]
[SourceTitle "EXT 2005"]
[Source "ChessBase"]
[SourceDate "2004.11.15"]
[SourceVersion "1"]
[SourceVersionDate "2004.11.15"]
[SourceQuality "1"]

1. c4 g6 2. Nc3 Bg7 3. d4 d6 4. e4 Nf6 5. f3 0-0 6. Bd3 c6 7. Nge2 Na6 8. 0-0 Bd7 9. Qe1 Nc7 10. Qh4 e5 11. Bg5 Ne6 12. Be3 Ne8 13. Qxd8 Rxd8 14. d5 Nd4 15. Bf2 c5 16. Rab1 f5 17. b4 b6 18. bxc5 dxc5 19. Nxd4 exd4 20. Ne2 f4 21. Rfe1 Be5 22. Nc1 g5 23. Be2 Nd6 24. Rb3 b5 25. cxb5 c4 26. Rb4 d3 27. Bxd3 cxd3 28. Nxd3 Bc3 29. e5 Bxe1 30. Bxe1 Nxb5 31. Nc5 Nc7 32. Rb7 Nxd5 33. Nxd7 Rfe8 34. Kf2 Re7 35. Nf6+ Kg7 36. Rxe7+ Nxe7 37. Ne4 h6 38. Nd6 Nd5 39. g3 Rb8 40. gxf4 Rb2+ 41. Kg3 gxf4+ 42. Kg4 Rxa2 43. Bh4 Rxh2 44. e6 Kg6 0-1

[Event "Bergisch Gladbach-ch 22nd"]
[Site "Bergisch Gladbach"]
[Date "2000.09.01"]
[Round "4"]
[White "Gutt, Oswald"]
[Black "Lobbes, Frank"]
[Result "1/2-1/2"]
[WhiteElo "1875"]
[BlackElo "1809"]
[PlyCount "48"]
[EventDate "2000.08.??"]
[EventType "swiss"]
[EventRounds "7"]
[EventCountry "GER"]
[SourceTitle "EXT 2005"]
[Source "ChessBase"]
[SourceDate "2004.11.15"]
[SourceVersion "1"]
[SourceVersionDate "2004.11.15"]
[SourceQuality "1"]

1. Nf3 Nf6 2. g3 g6 3. Bg2 d6 4. 0-0 Bg7 5. d4 0-0 6. c4 c5 7. Nc3 Nbd7 8. d5 a6 9. h3 Rb8 10. a4 Ne8 11. Qc2 Ne5 12. Nxe5 dxe5 13. Be3 b6 14. a5 Bf5 15. Qd2 Nd6 16. b3 bxa5 17. g4 Bd7 18. Rfb1 Qc7 19. Qa2 e4 20. Rc1 f5 21. gxf5 gxf5 22. Bf4 a4 23. Rab1 axb3 24. Rxb3 Rxb3 1/2-1/2

[Event "Bergisch Gladbach-ch 22nd"]
[Site "Bergisch Gladbach"]
[Date "2000.08.29"]
[Round "3"]
[White "Lobbes, Frank"]
[Black "Klein, Dieter"]
[Result "1-0"]
[WhiteElo "1809"]
[BlackElo "1711"]
[PlyCount "41"]
[EventDate "2000.08.??"]
[EventType "swiss"]
[EventRounds "7"]
[EventCountry "GER"]
[SourceTitle "EXT 2005"]
[Source "ChessBase"]
[SourceDate "2004.11.15"]
[SourceVersion "1"]
[SourceVersionDate "2004.11.15"]
[SourceQuality "1"]

1. c4 Nf6 2. Nc3 e6 3. e4 d6 4. d4 b6 5. Bd3 Bb7 6. Nge2 Be7 7. 0-0 Nbd7 8. f4 0-0 9. Ng3 e5 10. Be3 exd4 11. Bxd4 c5 12. Be3 a6 13. Nf5 Bc8 14. Qf3 Ra7 15. Rad1 Ne8 16. Qg3 Ndf6 17. e5 Bxf5 18. Bxf5 g6 19. exf6 Bxf6 20. Bc2 Bh4 21. Qf3 1-0

[Event "Bergisch Gladbach-ch 22nd"]
[Site "Bergisch Gladbach"]
[Date "2000.08.18"]
[Round "2"]
[White "Thelen, Harm Wulf"]
[Black "Lobbes, Frank"]
[Result "1-0"]
[WhiteElo "1979"]
[BlackElo "1809"]
[PlyCount "85"]
[EventDate "2000.08.??"]
[EventType "swiss"]
[EventRounds "7"]
[EventCountry "GER"]
[SourceTitle "EXT 2005"]
[Source "ChessBase"]
[SourceDate "2004.11.15"]
[SourceVersion "1"]
[SourceVersionDate "2004.11.15"]
[SourceQuality "1"]

1. g3 Nf6 2. Bg2 d5 3. Nf3 c5 4. d3 Nc6 5. 0-0 Qc7 6. Nbd2 g6 7. e4 Bg7 8. c3 0-0 9. Qc2 Bg4 10. h3 Bd7 11. a4 Rad8 12. Re1 dxe4 13. dxe4 e5 14. Nc4 Be6 15. Ne3 h6 16. b4 cxb4 17. cxb4 Qc8 18. Ba3 Rfe8 19. b5 Nd4 20. Qxc8 Nxf3+ 21. Bxf3 Rxc8 22. Kg2 Red8 23. Rac1 Rd4 24. Rxc8+ Bxc8 25. Bb2 Rxa4 26. Bxe5 Rb4 27. Bxf6 Bxf6 28. Nd5 Rxb5 29. Nxf6+ Kf8 30. Rc1 Be6 31. Nd5 a5 32. Ra1 b6 33. Be2 Rb2 34. Ba6 Kg7 35. g4 Bd7 36. Nc3 Rb3 37. Nd5 h5 38. Bc4 Rb2 39. g5 Bc6 40. Nf6 b5 41. Bd5 Bxd5 42. exd5 a4 43. Re1 1-0

[Event "Bergisch Gladbach-ch"]
[Site "Bergisch Gladbach"]
[Date "1996.09.20"]
[Round "5"]
[White "Lobbes, Frank"]
[Black "Kals, Leo"]
[Result "1-0"]
[WhiteElo "1714"]
[BlackElo "1841"]
[PlyCount "23"]
[EventDate "1996.08.??"]
[EventType "swiss"]
[EventRounds "7"]
[EventCountry "GER"]
[SourceTitle "EXT 2005"]
[Source "ChessBase"]
[SourceDate "2004.11.15"]
[SourceVersion "1"]
[SourceVersionDate "2004.11.15"]
[SourceQuality "1"]

1. e4 Nf6 2. e5 Nd5 3. Nf3 d6 4. d4 Nc6 5. Bc4 dxe5 6. dxe5 e6 7. 0-0 Be7 8. Nbd2 Nb6 9. Bd3 Nd4 10. Ne4 Qd5 11. Nxd4 Qxd4 12. Bb5+ 1-0